000 00433 a2200169 4500
001 69765
020 _a9788579601880
040 _cAnchieta - Itaigara
100 _aSilva, Silvestre
240 1 0 _aÁrvores nativas do Brasil
_lpor
245 1 0 _aÁrvores nativas do Brasil
300 _a168
362 0 _a2013
440 1 _aEditora Europa
650 4 _aBiologia, antropologia, etnologia, ciência da vida (naturais)
942 _cBK
999 _c69765
_d69765